000 00710nam a2200265 i 4500
001 C2-0281850
003 PPAK
005 20180728012334.0
008 070909s1994 nyu |||| ||||| | eng d
020 _a0590462261
040 _aPPAK
_beng
_cPPAK
_erda
082 0 4 _a823
_223
090 0 0 _a823
_bGOR
_dLCK
100 1 _aGormley, Beatrice,
_eauthor
245 1 0 _aBack to the titanic !
264 1 _aNew York :
_bScholastic Inc. ,
_c1994
300 _a132 pages ;
_c19 cm
336 _2rdacontent
_atext
337 _2rdamedia
_aunmediated
338 _2rdacarrier
_avolume
490 1 _atravelers through time #1
650 1 0 _aEnglish fiction
830 0 _atravelers through time #1
942 _ddc
_cB
999 _c88147
_d88147